000 00658cam a22002053a 4500
001 44560
003 PGUSA
005 20140828084022.0
008 140101s2014||||xxu|||||s|||||000 | eng d
040 _aPGUSA
_beng
042 _adc
245 1 0 _aThree Courses and a Dessert :
_bComprising Three Sets of Tales, West Country, Irish, and Legal, and a Melange
_h[electronic resource] /
_cAnonymous
260 _bProject Gutenberg,
_c2014
506 _aPublic domain in the USA.
516 _aElectronic text
700 1 _aCruikshank, George,
_d1792-1878
830 0 _aProject Gutenberg
_v44560
856 4 0 _uhttp://www.gutenberg.org/ebooks/44560
942 _cEB
999 _c273811
_d273811